INDUSTRIJA INFORMATIKI /

Uloženo v:
Podrobná bibliografie
Hlavní autor: Kanygin, Jurij Michajlovič
Médium: Kniha
Jazyk:ruština
Vydáno: Kijev : Technika, 1987
On-line přístup: Získat plný text
Tagy: Přidat tag
Žádné tagy, Buďte první, kdo vytvoří štítek k tomuto záznamu!

MARC

LEADER 00000nam a2200000 4500
003 SK-BrCVT
005 20220617115703.0
008 880101s1987 rur e ||||||rus d
035 |a CVTIDW0871578 
040 |b slo  |a CVTI SR 
041 0 |a rus 
044 |a rur 
080 |a 681.3  |2 UDC-MRF 
080 |a 002  |2 UDC-MRF 
100 1 |a Kanygin, Jurij Michajlovič 
242 1 0 |a INFORMATICKÝ PRIEMYSEL 
245 1 0 |a INDUSTRIJA INFORMATIKI /  |c Jurij Michajlovič Kanygin 
260 |a Kijev :  |b Technika,  |c 1987 
300 |a 151 S. :  |b lit. ; 
692 |a Pc Sm KM 
910 |b A485029 
974 |f Knihy 
992 |a AMG 
999 |c 18687  |d 18687